Philippians: (Record no. 5907)

000 -LEADER
fixed length control field 00625nam a2200193 a 4500
001 - CONTROL NUMBER
control field :::00003650$&:&@@
003 - CONTROL NUMBER IDENTIFIER
control field OkBaRHE
005 - DATE AND TIME OF LATEST TRANSACTION
control field 20000607103309.0
008 - FIXED-LENGTH DATA ELEMENTS--GENERAL INFORMATION
fixed length control field s1975 j 000 0 eng u
040 ## - CATALOGING SOURCE
Transcribing agency
100 1# - MAIN ENTRY--PERSONAL NAME
Personal name Vos, Howard Frederic, 1925-
245 10 - TITLE STATEMENT
Title Philippians:
Remainder of title a study guide.
260 ## - PUBLICATION, DISTRIBUTION, ETC. (IMPRINT)
Place of publication, distribution, etc Grand Rapids, MI., :
Name of publisher, distributor, etc Zondervan Pub. House
Date of publication, distribution, etc c1975
300 ## - PHYSICAL DESCRIPTION
Extent 95 p. ;
Dimensions 21 cm.
490 0# - SERIES STATEMENT
Series statement Study guide series.
650 ## - SUBJECT ADDED ENTRY--TOPICAL TERM
Topical term or geographic name as entry element Bible New Testament Philippians
General subdivision Study
-- Text-books
942 ## - ADDED ENTRY ELEMENTS (KOHA)
Source of classification or shelving scheme
Koha item type Books
Copies
Lost status Not for loan Permanent Location Damaged status Koha item type Barcode Full call number Copy number Date acquired Total Checkouts Current Location Withdrawn status Shelving location Price effective from Date checked out Source of classification or shelving scheme Date last seen
  RHEMA Bible Training College Books3650BS 2705.5 .V6712010-04-141RHEMA Bible Training College General Stacks2010-04-142018-03-08 2018-04-03